[Event "Florianopolis op 10th"]
[Site "Florianopolis"]
[Date "2024.01.25"]
[Round "7"]
[White "Martins, Anderson Donay"]
[Black "Boabaid, Jorge Alberto Duard"]
[Result "1/2-1/2"]
[WhiteElo "2058"]
[BlackElo "1771"]
[PlyCount "109"]
[EventDate "2024.01.20"]
[EventType "swiss"]
[EventRounds "10"]
[EventCountry "BRA"]
[SourceTitle "CB05_2024"]
[SourceDate "2024.01.31"]
[SourceVersion "1"]
[SourceVersionDate "2024.01.31"]
[SourceQuality "1"]

1. e4 c5 2. Nf3 Nc6 3. Bb5 g6 4. 0-0 Bg7 5. c3 a6 6. Ba4 b5 7. Bb3 e6 8. d4 c4 9. Bc2 d5 10. a4 b4 11. exd5 exd5 12. b3 Nge7 13. Bg5 0-0 14. bxc4 dxc4 15. Be4 f6 16. Be3 Nd5 17. cxb4 Ncxb4 18. Qc1 Qc7 19. Nc3 Be6 20. Re1 Rae8 21. Bd2 Bf7 22. Rb1 f5 23. Bxd5 Nxd5 24. Nxd5 Bxd5 25. Bb4 Rxe1+ 26. Qxe1 Rc8 27. Bc5 Qf4 28. Rc1 g5 29. Qe3 Qxe3 30. fxe3 h6 31. Nd2 Bf8 32. Nxc4 Bxc5 33. Nd2 Kf7 34. Rxc5 Rxc5 35. dxc5 a5 36. Nf3 Ke7 37. Nd4 Be4 38. Kf2 h5 39. g3 g4 40. Ke2 Kd7 41. Kd2 Bc6 42. Nb5 Ke6 43. Nd4+ Kd5 44. Nxf5 Kxc5 45. Kc3 Bxa4 46. Ng7 Kd5 47. Nxh5 Ke5 48. Nf4 Ke4 49. Kd2 Kf3 50. Ng6 Kg2 51. Ne5 Kxh2 52. Nxg4+ Kxg3 53. Ne5 Be8 54. Nc4 a4 55. Kc3 1/2-1/2

[Event "Pelotas Gaucho op"]
[Site "Pelotas"]
[Date "2023.10.15"]
[Round "6"]
[White "Gattass, Allan Arriada"]
[Black "Martins, Anderson Donay"]
[Result "1/2-1/2"]
[WhiteElo "2219"]
[BlackElo "2057"]
[PlyCount "22"]
[EventDate "2023.10.12"]
[EventType "swiss"]
[EventRounds "7"]
[EventCountry "BRA"]
[SourceTitle "Mega2024 Update 01"]
[Source "Chessbase"]
[SourceDate "2023.11.12"]
[SourceVersion "1"]
[SourceVersionDate "2023.11.12"]
[SourceQuality "1"]

1. e4 e5 2. Nf3 Nf6 3. Nxe5 d6 4. Nf3 Nxe4 5. d3 Nf6 6. d4 d5 7. Bd3 Bd6 8. 0-0 0-0 9. Bg5 Bg4 10. c3 Nbd7 11. Nbd2 Re8 1/2-1/2

[Event "Pelotas Gaucho op"]
[Site "Pelotas"]
[Date "2023.10.12"]
[Round "2"]
[White "Martins, Anderson Donay"]
[Black "Goetten Wagner, Julia"]
[Result "1/2-1/2"]
[WhiteElo "2057"]
[BlackElo "1638"]
[PlyCount "62"]
[EventDate "2023.10.12"]
[EventType "swiss"]
[EventRounds "7"]
[EventCountry "BRA"]
[SourceTitle "Mega2024 Update 01"]
[Source "Chessbase"]
[SourceDate "2023.11.12"]
[SourceVersion "1"]
[SourceVersionDate "2023.11.12"]
[SourceQuality "1"]

1. d4 Nf6 2. Nf3 c5 3. g3 g6 4. Bg2 Bg7 5. 0-0 cxd4 6. Nxd4 Nc6 7. e4 0-0 8. Nxc6 bxc6 9. Nc3 Qc7 10. Bg5 d6 11. h3 Rb8 12. Rb1 Rd8 13. f4 d5 14. e5 Ne4 15. Nxe4 dxe4 16. Qe1 f5 17. exf6 exf6 18. Bh4 Re8 19. f5 gxf5 20. g4 fxg4 21. Bxf6 gxh3 22. Bxe4 Rxe4 23. Qxe4 Bxf6 24. Rxf6 Qg7+ 25. Kh1 Qxf6 26. Qe8+ Kg7 27. Rg1+ Kh6 28. Qe3+ Kh5 29. Qe2+ Kh6 30. Qe3+ Kh5 31. Qe8+ Kh6 1/2-1/2

[Event "Florianopolis op 9th"]
[Site "Florianopolis"]
[Date "2023.01.28"]
[Round "9"]
[White "Fraga, Heitor Carneiro"]
[Black "Martins, Anderson Donay"]
[Result "0-1"]
[WhiteElo "1556"]
[BlackElo "2058"]
[PlyCount "100"]
[EventDate "2023.01.23"]
[EventType "swiss"]
[EventRounds "10"]
[EventCountry "BRA"]
[SourceTitle "CBM 212 Extra"]
[Source "ChessBase"]
[SourceDate "2023.03.31"]
[SourceVersion "1"]
[SourceVersionDate "2023.03.31"]
[SourceQuality "1"]

1. e4 Nf6 2. e5 Nd5 3. Nf3 d6 4. exd6 exd6 5. c4 Nb6 6. d4 Bg4 7. Be2 Be7 8. Be3 Nc6 9. Nbd2 Bf6 10. 0-0 0-0 11. Rb1 Re8 12. Re1 Ne7 13. Bd3 Nf5 14. Qc2 g6 15. h3 Nxe3 16. fxe3 Bxf3 17. Nxf3 c5 18. b3 Re7 19. e4 cxd4 20. Qf2 Qf8 21. Nxd4 Qg7 22. Ne2 Nd7 23. Kh1 Nc5 24. Qf3 Be5 25. Bc2 Rae8 26. Nf4 Bxf4 27. Qxf4 Qe5 28. Qf3 Ne6 29. Rbd1 Ng7 30. Rd5 Qb2 31. Bb1 f5 32. Rf1 fxe4 33. Bxe4 Ne6 34. Qf2 Qxf2 35. Rxf2 Nc7 36. Bf3 Nxd5 37. Bxd5+ Kg7 38. Kh2 Rf8 39. Kg3 Rxf2 40. Kxf2 Kf6 41. Kf3 b6 42. Be4 Ke5 43. Ke3 g5 44. Bf3 a5 45. Kd3 Rf7 46. Ke3 Rf4 47. a3 a4 48. Bd1 Re4+ 49. Kf3 Rd4 50. Bc2 axb3 0-1

[Event "Florianopolis op 9th"]
[Site "Florianopolis"]
[Date "2023.01.26"]
[Round "6"]
[White "Martins, Anderson Donay"]
[Black "Labussiere, Yago"]
[Result "0-1"]
[WhiteElo "2058"]
[BlackElo "2227"]
[PlyCount "94"]
[EventDate "2023.01.23"]
[EventType "swiss"]
[EventRounds "10"]
[EventCountry "BRA"]
[SourceTitle "CBM 212 Extra"]
[Source "ChessBase"]
[SourceDate "2023.03.31"]
[SourceVersion "1"]
[SourceVersionDate "2023.03.31"]
[SourceQuality "1"]

1. e4 c5 2. Nf3 Nc6 3. Bb5 g6 4. 0-0 Bg7 5. c3 Nf6 6. e5 Nd5 7. d4 cxd4 8. cxd4 0-0 9. Nc3 Nxc3 10. bxc3 d6 11. exd6 Qxd6 12. a4 Qc7 13. Ba3 Rd8 14. Re1 e6 15. Qe2 b6 16. Qc4 Bb7 17. a5 bxa5 18. Ne5 Rac8 19. Bxc6 Bxc6 20. Bc5 Be8 21. Qa6 a4 22. Rab1 Rb8 23. Bb4 Rb6 24. Qe2 Qb7 25. Ra1 Qa6 26. Qf3 Rc8 27. h4 Qb7 28. Qe3 Qb8 29. Bc5 Rb3 30. Nc4 Rd8 31. h5 gxh5 32. Ne5 Qc7 33. Qh3 Kh8 34. Re3 Rdb8 35. Qg3 R8b7 36. Bd6 Qc8 37. Qh4 f6 38. Nd3 Rxc3 39. Rae1 Bf7 40. Rg3 Rd7 41. Ree3 Bg6 42. Nf4 Rxe3 43. fxe3 Rxd6 44. Nxg6+ hxg6 45. Rxg6 Rd5 46. e4 Rg5 47. Rxg5 Qc1+ 0-1

[Event "Florianopolis op 8th"]
[Site "Florianopolis"]
[Date "2022.01.29"]
[Round "9"]
[White "Labussiere, Victor"]
[Black "Martins, Anderson Donay"]
[Result "1-0"]
[WhiteElo "2341"]
[BlackElo "2072"]
[PlyCount "155"]
[EventDate "2022.01.24"]
[EventType "swiss"]
[EventRounds "10"]
[EventCountry "BRA"]
[SourceTitle "EXT 2023"]
[Source "ChessBase"]
[SourceDate "2022.10.05"]
[SourceVersion "1"]
[SourceVersionDate "2022.10.05"]
[SourceQuality "1"]

1. e4 e5 2. Bc4 Bc5 3. Nc3 Nf6 4. d3 d6 5. Na4 Bb6 6. Nxb6 axb6 7. a3 0-0 8. Nf3 Be6 9. Ba2 Bxa2 10. Rxa2 d5 11. Qe2 dxe4 12. dxe4 Ra4 13. Nd2 Nc6 14. c3 Qd6 15. 0-0 Ne7 16. f3 Nh5 17. b3 Raa8 18. Nc4 Qe6 19. a4 Rad8 20. Be3 Rd7 21. Raa1 Rfd8 22. Rad1 Nf4 23. Qc2 f6 24. g3 Nfg6 25. Kg2 Qc6 26. Rxd7 Qxd7 27. Nb2 Qc6 28. c4 Nf8 29. Rd1 Rxd1 30. Nxd1 Ne6 31. Nc3 Qd7 32. Nd5 Nc6 33. c5 Ncd4 34. Bxd4 exd4 35. cxb6 c6 36. Nb4 c5 37. Nd3 Ng5 38. Nf4 Qc6 39. h4 Nf7 40. Nd3 Qxb6 41. Qxc5 Qd8 42. Kf2 h6 43. b4 Qd7 44. g4 Qxa4 45. Qxd4 Qc2+ 46. Kg3 Qd1 47. Qe3 Qf1 48. Nc5 Qb1 49. Nd3 Qf1 50. Ne1 Qh1 51. Ng2 g5 52. h5 Qa1 53. Ne1 Ne5 54. Qd2 Kg7 55. Kf2 Qb1 56. Qe3 Qa2+ 57. Kg3 Qb1 58. Qc3 Qd1 59. Kf2 Qb1 60. Qc7+ Nf7 61. Qxb7 Qb2+ 62. Kf1 Kg8 63. Qb6 Kg7 64. Qc5 Ne5 65. Qe7+ Nf7 66. Qb7 Kg8 67. b5 Ne5 68. Qc8+ Kf7 69. Qc7+ Ke6 70. Qc8+ Kd6 71. Qf8+ Kd7 72. Qc5 Qb1 73. Qa7+ Kd6 74. Qa6+ Kc5 75. Qxf6 Qxb5+ 76. Kf2 Qb2+ 77. Kg3 Kd4 78. Qxe5+ 1-0

[Event "Florianopolis op 8th"]
[Site "Florianopolis"]
[Date "2022.01.28"]
[Round "7"]
[White "Labussiere, Yago"]
[Black "Martins, Anderson Donay"]
[Result "1-0"]
[WhiteElo "2257"]
[BlackElo "2072"]
[PlyCount "111"]
[EventDate "2022.01.24"]
[EventType "swiss"]
[EventRounds "10"]
[EventCountry "BRA"]
[SourceTitle "EXT 2023"]
[Source "ChessBase"]
[SourceDate "2022.10.05"]
[SourceVersion "1"]
[SourceVersionDate "2022.10.05"]
[SourceQuality "1"]

1. Nf3 d5 2. c4 e6 3. g3 Nf6 4. Bg2 Be7 5. 0-0 0-0 6. b3 Ne4 7. Bb2 Bf6 8. Bxf6 Qxf6 9. d4 Nd7 10. Qc2 c6 11. Nc3 Nxc3 12. Qxc3 a5 13. Rac1 a4 14. b4 dxc4 15. Qxc4 e5 16. Rfd1 exd4 17. Rxd4 Ne5 18. Nxe5 Qxe5 19. a3 Be6 20. Qd3 Rfe8 21. f4 Qf6 22. Rd1 Bg4 23. Bf1 Qe6 24. Kf2 h5 25. Rd2 Bh3 26. e4 Bxf1 27. Kxf1 Qh3+ 28. Kg1 h4 29. Qf1 Qg4 30. Kg2 Re7 31. Qf3 Qg6 32. g4 Rae8 33. e5 Qe6 34. Re2 g5 35. fxg5 Qg6 36. Qf4 c5 37. Rde4 cxb4 38. Rxb4 Qc6+ 39. Kh3 Rxe5 40. Rxe5 Qc3+ 41. Kxh4 Rxe5 42. Rxb7 Qe1+ 43. Kh5 Re7 44. Rb8+ Re8 45. Rb7 Re7 46. Rxe7 Qxe7 47. Qxa4 Qe3 48. h4 Qe6 49. Qc2 Qe5 50. Qc8+ Kg7 51. Qf5 Qe8 52. Qf6+ Kg8 53. a4 Qe4 54. g6 Qd5+ 55. Kh6 Qd2+ 56. g5 1-0

[Event "Florianopolis op 3rd"]
[Site "Florianopolis"]
[Date "2017.01.21"]
[Round "3"]
[White "Da Silva Borges, Rodrigo"]
[Black "Martins, Anderson Donay"]
[Result "0-1"]
[WhiteElo "2269"]
[BlackElo "2018"]
[PlyCount "128"]
[EventDate "2017.01.20"]
[EventType "swiss"]
[EventRounds "10"]
[EventCountry "BRA"]
[SourceTitle "CBM 176 Extra"]
[Source "ChessBase"]
[SourceDate "2017.03.02"]
[SourceVersion "1"]
[SourceVersionDate "2017.03.02"]
[SourceQuality "1"]

1. Nf3 d5 2. d4 Nf6 3. c4 e6 4. Nc3 c6 5. e3 Nbd7 6. Bd3 dxc4 7. Bxc4 b5 8. Bd3 a6 9. e4 c5 10. e5 cxd4 11. Nxb5 Ng4 12. Bg5 Bb4+ 13. Kf1 f6 14. exf6 gxf6 15. Nbxd4 fxg5 16. Nxe6 Qb6 17. Qe2 Nge5 18. Nexg5 Qc7 19. a3 Ba5 20. b4 Bb6 21. Nxe5 Nxe5 22. Re1 0-0 23. Bxh7+ Kg7 24. Qxe5+ Qxe5 25. Rxe5 Rxf2+ 26. Ke1 Bg4 27. Rf1 Rxf1+ 28. Kxf1 Rf8+ 29. Ke1 Kh6 30. Kd2 Bc7 31. Rc5 Bf4+ 32. Kc3 Bxg5 33. Bd3 Rf2 34. g3 Bf6+ 35. Kb3 Rb2+ 36. Ka4 Bd1+ 37. Ka5 Rb3 38. Bxa6 Rxa3+ 39. Kb5 Be2+ 40. Kc6 Rxa6+ 41. Kb7 Ra4 42. b5 Rb4 43. b6 Bf3+ 44. Kc7 Bd4 45. Rf5 Bxb6+ 46. Kd6 Bg4 47. Rf1 Bh3 48. Rf8 Bd4 49. Rf4 Bg2 50. h3 Rb6+ 51. Kc7 Rc6+ 52. Kd7 Bg1 53. Ke7 Rg6 54. Rh4+ Kg7 55. g4 Rg5 56. Ke6 Bf2 57. Rh5 Rxh5 58. gxh5 Kh6 59. Kf5 Bg3 60. Kg4 Bc7 61. Kh4 Bc6 62. Kg4 Bd7+ 63. Kh4 Bd8+ 64. Kg3 Kxh5 0-1

[Event "Porto Alegre Oncosinos op"]
[Site "Porto Alegre"]
[Date "2016.11.27"]
[Round "5"]
[White "Martins, Anderson Donay"]
[Black "Stapenhorst, Matheus Frederico"]
[Result "1-0"]
[WhiteElo "2000"]
[BlackElo "1926"]
[PlyCount "53"]
[EventDate "2016.11.25"]
[EventType "swiss"]
[EventRounds "5"]
[EventCountry "BRA"]
[SourceTitle "CBM 175 Extra"]
[Source "ChessBase"]
[SourceDate "2016.12.12"]
[SourceVersion "1"]
[SourceVersionDate "2016.12.12"]
[SourceQuality "1"]

1. d4 Nf6 2. c4 g6 3. Nc3 Bg7 4. e4 d6 5. h3 0-0 6. Bg5 c5 7. d5 e6 8. Bd3 h6 9. Be3 exd5 10. exd5 Re8 11. Nf3 b5 12. Nxb5 Ne4 13. 0-0 a6 14. Nc3 Nxc3 15. bxc3 Qa5 16. Bd2 Nd7 17. Qc2 Nb6 18. Rab1 Bd7 19. Bf4 Bf8 20. Bxg6 Rab8 21. Bxf7+ Kxf7 22. Qh7+ Bg7 23. Bxh6 Rg8 24. Ng5+ Kf8 25. Bxg7+ Rxg7 26. Qh8+ Ke7 27. Qxg7+ 1-0

[Event "Santa Catarina-ch sf1"]
[Site "Sao Bento do Sul"]
[Date "2016.03.05"]
[Round "4"]
[White "Pederiva, Paola Carolina"]
[Black "Martins, Anderson Donay"]
[Result "0-1"]
[WhiteElo "1780"]
[BlackElo "2020"]
[PlyCount "96"]
[EventDate "2016.03.04"]
[EventType "swiss"]
[EventRounds "6"]
[EventCountry "BRA"]
[SourceTitle "EXT 2018"]
[Source "ChessBase"]
[SourceDate "2017.10.13"]
[SourceVersion "1"]
[SourceVersionDate "2017.10.13"]
[SourceQuality "1"]

1. d4 d5 2. Bf4 e6 3. e3 c5 4. Nf3 Nc6 5. c4 cxd4 6. exd4 Nf6 7. Nc3 Bb4 8. a3 Bxc3+ 9. bxc3 Qa5 10. Bd2 Ne4 11. cxd5 exd5 12. Bd3 Nxd2 13. Qxd2 Be6 14. 0-0 0-0-0 15. Rab1 Kb8 16. Rb5 Qc7 17. Rfb1 b6 18. a4 Ka8 19. c4 dxc4 20. Be4 f5 21. Ng5 Rhe8 22. Bf3 Kb8 23. Bxc6 Qxc6 24. a5 c3 25. Qf4+ Qc7 26. Qxc7+ Kxc7 27. axb6+ axb6 28. Nf3 Bc4 29. R5b4 Bd3 30. Rc1 c2 31. Ne1 Rxe1+ 32. Rxe1 Kc6 33. f3 b5 34. Rc1 f4 35. Kf2 Re8 36. Rb3 Re2+ 37. Kg1 Rd2 38. Rxd3 Rxd3 39. Rxc2+ Kb6 40. Kf2 Rxd4 41. g3 b4 42. gxf4 b3 43. Rb2 Rd3 44. Ke2 Rc3 45. f5 Kb5 46. h4 Kb4 47. h5 h6 48. Kf2 Rc2+ 0-1

[Event "Florianopolis op 2nd"]
[Site "Florianopolis"]
[Date "2016.01.19"]
[Round "6"]
[White "Martins, Anderson Donay"]
[Black "Yoshioka, Andre"]
[Result "0-1"]
[WhiteElo "2031"]
[BlackElo "1857"]
[PlyCount "78"]
[EventDate "2016.01.16"]
[EventType "swiss"]
[EventRounds "10"]
[EventCountry "BRA"]
[SourceTitle "CBM 170 Extra"]
[Source "ChessBase"]
[SourceDate "2016.02.25"]
[SourceVersion "1"]
[SourceVersionDate "2016.02.25"]
[SourceQuality "1"]

1. e4 c5 2. Nf3 Nc6 3. d4 cxd4 4. Nxd4 Nf6 5. Nc3 e5 6. Ndb5 d6 7. Bg5 a6 8. Na3 b5 9. Nd5 Be7 10. Bxf6 Bxf6 11. c3 0-0 12. Nc2 Bg5 13. a4 bxa4 14. Rxa4 a5 15. Bc4 Be6 16. 0-0 Rb8 17. b3 Kh8 18. Qe2 f5 19. exf5 Bxf5 20. Nce3 Bg6 21. Rfa1 e4 22. Bb5 Ne5 23. Rxa5 Bxe3 24. Nxe3 Qh4 25. Bc4 Bh5 26. Qd2 Rbd8 27. Rd5 Qf4 28. Nf1 Qh4 29. Ng3 Bf3 30. Rxe5 dxe5 31. Qe1 Bh5 32. Nxe4 Bf7 33. Bxf7 Rxf7 34. f3 Qf4 35. Qc1 Qf5 36. c4 Rb7 37. Qc3 Rbd7 38. Ra5 Qf4 39. Qxe5 Qe3+ 0-1

[Event "Florianopolis op 2nd"]
[Site "Florianopolis"]
[Date "2016.01.16"]
[Round "1"]
[White "Gomes, Maria Eduarda Papin"]
[Black "Martins, Anderson Donay"]
[Result "0-1"]
[WhiteElo "1562"]
[BlackElo "2031"]
[PlyCount "76"]
[EventDate "2016.01.16"]
[EventType "swiss"]
[EventRounds "10"]
[EventCountry "BRA"]
[SourceTitle "CBM 170 Extra"]
[Source "ChessBase"]
[SourceDate "2016.02.25"]
[SourceVersion "1"]
[SourceVersionDate "2016.02.25"]
[SourceQuality "1"]

1. d4 f5 2. c4 Nf6 3. Nc3 g6 4. Bg5 Bg7 5. e3 c6 6. Nf3 0-0 7. Bd3 d6 8. 0-0 Be6 9. Bxf6 Bxf6 10. Qe2 Bg7 11. Rac1 Kh8 12. Rfd1 Bg8 13. Rd2 Nd7 14. Qf1 e5 15. dxe5 dxe5 16. Be2 Qe7 17. Rcd1 Rad8 18. b3 e4 19. Nd4 c5 20. Nd5 Bxd5 21. cxd5 cxd4 22. exd4 Nb6 23. Qe1 Nxd5 24. Rc2 Nf4 25. Bc4 Rxd4 26. Rxd4 Bxd4 27. g3 Nh3+ 28. Kg2 Ng5 29. Qd2 Nf3 30. Qe2 Qg5 31. h3 Be5 32. Qf1 h5 33. h4 Nxh4+ 34. Kh1 Nf3 35. Be2 f4 36. Qh3 fxg3 37. fxg3 Qe3 38. Qg2 Ne1 0-1

[Event "Porto Alegre Gaucho op"]
[Site "Porto Alegre"]
[Date "2015.11.02"]
[Round "5"]
[White "Martins, Anderson Donay"]
[Black "Prochnow, Marcos Alberto"]
[Result "1-0"]
[WhiteElo "2027"]
[BlackElo "1727"]
[PlyCount "101"]
[EventDate "2015.10.31"]
[EventType "swiss"]
[EventRounds "6"]
[EventCountry "BRA"]
[SourceTitle "CBM 169 Extra"]
[Source "ChessBase"]
[SourceDate "2015.12.18"]
[SourceVersion "1"]
[SourceVersionDate "2015.12.18"]
[SourceQuality "1"]

1. e4 c5 2. Nc3 g6 3. f4 Bg7 4. Nf3 Nc6 5. Bb5 Nd4 6. 0-0 a6 7. Bc4 e6 8. a4 Ne7 9. Nxd4 cxd4 10. Ne2 Qc7 11. d3 d5 12. Bb3 0-0 13. Kh1 Bd7 14. Qe1 dxe4 15. dxe4 e5 16. Qh4 Be6 17. Ra3 b5 18. Bxe6 fxe6 19. Rh3 h5 20. c3 Bf6 21. Qe1 d3 22. Rxd3 bxa4 23. Ng1 Rad8 24. Rxd8 Qxd8 25. fxe5 Bxe5 26. Nf3 Bf4 27. Qe2 Bxc1 28. Rxc1 Qa5 29. Qc4 Qb6 30. Re1 Qc6 31. Qb4 Nc8 32. h3 Nd6 33. Ne5 Qc7 34. Nxg6 Rf6 35. e5 Rxg6 36. exd6 Qd7 37. Qe4 Kg7 38. Qe5+ Kh6 39. Qh8+ Qh7 40. Qxh7+ Kxh7 41. d7 Rg8 42. Rxe6 Rd8 43. Rd6 Kg7 44. g3 Kf7 45. Kg2 Ke7 46. Rd4 Rxd7 47. Rxd7+ Kxd7 48. Kf3 Kd6 49. Ke4 Kc5 50. Kd3 Kd5 51. g4 1-0

[Event "Porto Alegre Gaucho op"]
[Site "Porto Alegre"]
[Date "2015.10.31"]
[Round "1"]
[White "Pereira, Tiago Scharlau Toma"]
[Black "Martins, Anderson Donay"]
[Result "0-1"]
[WhiteElo "1449"]
[BlackElo "2027"]
[PlyCount "66"]
[EventDate "2015.10.31"]
[EventType "swiss"]
[EventRounds "6"]
[EventCountry "BRA"]
[SourceTitle "CBM 169 Extra"]
[Source "ChessBase"]
[SourceDate "2015.12.18"]
[SourceVersion "1"]
[SourceVersionDate "2015.12.18"]
[SourceQuality "1"]

1. e4 c5 2. b4 cxb4 3. a3 e6 4. axb4 Bxb4 5. Nf3 Ne7 6. c3 Ba5 7. Bc4 Nbc6 8. 0-0 d5 9. exd5 exd5 10. Bb3 Bg4 11. d4 Bc7 12. Na3 a6 13. Nc2 0-0 14. Ne3 Bh5 15. Re1 b5 16. Bc2 f5 17. Nf1 a5 18. Qe2 b4 19. Bg5 Bxf3 20. gxf3 Bd6 21. Bb3 Qc7 22. Bxe7 Nxe7 23. cxb4 Bxb4 24. Qe6+ Kh8 25. Rec1 Qf4 26. Bxd5 Nxd5 27. Qxd5 Rad8 28. Qb7 Rxd4 29. Rc7 Qg5+ 30. Kh1 Rd6 31. Rf7 Rxf7 32. Qxf7 Rf6 33. Rxa5 Rxf7 0-1

[Event "Florianopolis Taca op"]
[Site "Florianopolis"]
[Date "2015.10.12"]
[Round "6"]
[White "Mafra, Kaiser Luiz"]
[Black "Martins, Anderson Donay"]
[Result "0-1"]
[WhiteElo "2145"]
[BlackElo "2027"]
[PlyCount "106"]
[EventDate "2015.10.09"]
[EventType "swiss"]
[EventRounds "6"]
[EventCountry "BRA"]
[SourceTitle "CBM 168 Extra"]
[Source "ChessBase"]
[SourceDate "2015.10.29"]
[SourceVersion "1"]
[SourceVersionDate "2015.10.29"]
[SourceQuality "1"]

1. e4 c5 2. Nf3 e6 3. d4 cxd4 4. Nxd4 a6 5. Bd3 Qc7 6. 0-0 Nc6 7. Nxc6 dxc6 8. a4 Nf6 9. Na3 Bc5 10. Qe2 e5 11. Be3 Bxe3 12. Qxe3 Be6 13. Bc4 Bxc4 14. Nxc4 a5 15. Rad1 0-0 16. Nd6 Rfd8 17. Nf5 Rxd1 18. Rxd1 Rd8 19. Rd3 g6 20. Qg5 Rxd3 21. cxd3 Nd7 22. Nh6+ Kf8 23. Ng4 Qd6 24. h3 Ke8 25. f3 Qd4+ 26. Kh2 Qxb2 27. Nf6+ Nxf6 28. Qxf6 Qd4 29. f4 Qxd3 30. Qxe5+ Kd7 31. Qxa5 Qxe4 32. Qd2+ Qd5 33. Qb2 c5 34. Qb5+ Qc6 35. Qc4 Ke7 36. a5 Qc7 37. h4 Qxa5 38. Qe4+ Kf8 39. Qxb7 Qb4 40. Qc7 Qd4 41. g3 c4 42. Qb8+ Kg7 43. Qb4 Qd3 44. Qc5 Qd2+ 45. Kh3 Qd7+ 46. Kh2 Qd3 47. Qe5+ Kf8 48. Qb8+ Ke7 49. Qc7+ Ke6 50. Qc8+ Kd5 51. Qd7+ Ke4 52. Qe7+ Kf3 53. Qb7+ Qe4 0-1

[Event "Florianopolis Taca op"]
[Site "Florianopolis"]
[Date "2015.10.11"]
[Round "4"]
[White "Pomar, Marcelo Nascimento"]
[Black "Martins, Anderson Donay"]
[Result "1/2-1/2"]
[WhiteElo "2064"]
[BlackElo "2027"]
[PlyCount "118"]
[EventDate "2015.10.09"]
[EventType "swiss"]
[EventRounds "6"]
[EventCountry "BRA"]
[SourceTitle "CBM 168 Extra"]
[Source "ChessBase"]
[SourceDate "2015.10.29"]
[SourceVersion "1"]
[SourceVersionDate "2015.10.29"]
[SourceQuality "1"]

1. e4 c5 2. Nf3 e6 3. d4 cxd4 4. Nxd4 a6 5. Bd3 Qc7 6. Nc3 Nc6 7. Nxc6 bxc6 8. Qe2 Bd6 9. Be3 c5 10. Qg4 Kf8 11. f4 Nf6 12. Qh4 c4 13. Be2 Bb4 14. e5 Nd5 15. Bd4 Bb7 16. 0-0 Bc5 17. Qf2 Bxd4 18. Qxd4 Nxc3 19. bxc3 Bd5 20. f5 Qa7 21. Rab1 Qxd4+ 22. cxd4 exf5 23. Rxf5 Ke7 24. Rb6 Rhb8 25. Rd6 Be6 26. Rg5 g6 27. d5 f6 28. dxe6 fxg5 29. exd7 Rb5 30. Bf3 Rf8 31. h3 Rxe5 32. Rxa6 Kxd7 33. Ra7+ Kd6 34. Ra6+ Kc5 35. Ra5+ Kd6 36. Ra6+ Ke7 37. Ra7+ Kf6 38. Rxh7 Re7 39. Rxe7 Kxe7 40. Kf2 Kd6 41. Ke3 Kc5 42. c3 Rf7 43. a4 Ra7 44. Bd1 Ra6 45. Bc2 Rd6 46. Ke2 Rb6 47. Kd2 Kd5 48. Ke3 Rb2 49. Bxg6 Ra2 50. g3 Rxa4 51. h4 gxh4 52. gxh4 Ke5 53. h5 Ra3 54. Kd2 Kf6 55. Be8 Ra2+ 56. Ke3 Rh2 57. Kd4 Rh4+ 58. Kc5 Ke7 59. Bg6 Kf6 1/2-1/2

[Event "Florianopolis Taca op"]
[Site "Florianopolis"]
[Date "2015.10.10"]
[Round "3"]
[White "Do Prado, Hamilton Mesquita"]
[Black "Martins, Anderson Donay"]
[Result "0-1"]
[WhiteElo "1645"]
[BlackElo "2027"]
[PlyCount "80"]
[EventDate "2015.10.09"]
[EventType "swiss"]
[EventRounds "6"]
[EventCountry "BRA"]
[SourceTitle "CBM 168 Extra"]
[Source "ChessBase"]
[SourceDate "2015.10.29"]
[SourceVersion "1"]
[SourceVersionDate "2015.10.29"]
[SourceQuality "1"]

1. d4 Nf6 2. Bf4 d6 3. e3 Nbd7 4. Nf3 c6 5. c4 g6 6. Be2 Bg7 7. h3 0-0 8. Nc3 c5 9. 0-0 cxd4 10. exd4 b6 11. Rc1 Bb7 12. b4 Nh5 13. Bh2 Bh6 14. Rc2 Nf4 15. Bxf4 Bxf4 16. g3 Bh6 17. d5 Rc8 18. Ne4 Bg7 19. Re1 Nf6 20. Nfg5 e6 21. Nxf6+ Bxf6 22. Nxf7 Rxf7 23. dxe6 Rfc7 24. Rd2 Be7 25. b5 Rc5 26. f4 Qf8 27. Bf1 Qf6 28. Rd4 a6 29. a4 axb5 30. axb5 Ra8 31. Bg2 Bxg2 32. Kxg2 Ra2+ 33. Kf3 Re5 34. Rxe5 dxe5 35. Re4 exf4 36. gxf4 Qh4 37. Qf1 Bc5 38. Re3 Bxe3 39. Kxe3 Qf6 40. f5 Qe5+ 0-1

[Event "Curitiba Sul Regional-ch"]
[Site "Curitiba"]
[Date "2015.07.10"]
[Round "2"]
[White "Bernardes, Arthur Feliphe Stru"]
[Black "Martins, Anderson Donay"]
[Result "1-0"]
[WhiteElo "1827"]
[BlackElo "2013"]
[PlyCount "139"]
[EventDate "2015.07.10"]
[EventType "swiss"]
[EventRounds "6"]
[EventCountry "BRA"]
[SourceTitle "EXT 2016"]
[Source "ChessBase"]
[SourceDate "2015.10.08"]
[SourceVersion "1"]
[SourceVersionDate "2015.10.08"]
[SourceQuality "1"]

1. e4 c5 2. Nf3 Nc6 3. d4 cxd4 4. Nxd4 g6 5. Nc3 Bg7 6. Be3 Nf6 7. Bc4 0-0 8. f3 d6 9. Qd2 Bd7 10. 0-0-0 Ne5 11. Bb3 Rc8 12. Kb1 Nc4 13. Bxc4 Rxc4 14. Nb3 a5 15. Nd5 Nxd5 16. Qxd5 Be6 17. Qd2 Qa8 18. h4 Rfc8 19. Nd4 a4 20. h5 Qa6 21. hxg6 hxg6 22. g4 Qb6 23. Qh2 Rxd4 24. Qh7+ Kf8 25. Qxg7+ Kxg7 26. Bxd4+ Qxd4 27. Rxd4 b5 28. g5 Rc5 29. f4 Bg4 30. Kc1 f6 31. gxf6+ Kxf6 32. e5+ Ke6 33. exd6 exd6 34. Re1+ Kd7 35. Rg1 Bf5 36. Rg2 Kc6 37. b3 axb3 38. axb3 d5 39. Kb2 Kd6 40. Re2 Rc8 41. Red2 Be6 42. Ka3 Ke7 43. Kb4 Rb8 44. Kc5 Kf6 45. Rb4 Kf5 46. Re2 Bg8 47. Rxb5 Rc8+ 48. Kd4 Kxf4 49. Rf2+ Kg3 50. Rf6 g5 51. c3 g4 52. Rb7 Re8 53. Rg7 Re4+ 54. Kd3 Re8 55. b4 Kh3 56. b5 Be6 57. b6 Bc8 58. b7 Bxb7 59. Rxb7 Rg8 60. Rff7 g3 61. Rg7 Ra8 62. Rb2 Ra1 63. Ke3 Re1+ 64. Re2 Rc1 65. Rh7+ Kg4 66. Rg7+ Kh3 67. Kf4 Rf1+ 68. Ke5 Rc1 69. Re3 Rg1 70. Rexg3+ 1-0

[Event "Sao Bento do Sul op 4th"]
[Site "Sao Bento do Sul"]
[Date "2015.06.07"]
[Round "5"]
[White "Martins, Anderson Donay"]
[Black "Umetsubo, Cesar Hidemitsu"]
[Result "0-1"]
[WhiteElo "2013"]
[BlackElo "2321"]
[PlyCount "46"]
[EventDate "2015.06.05"]
[EventType "swiss"]
[EventRounds "6"]
[EventCountry "BRA"]
[SourceTitle "EXT 2017"]
[Source "ChessBase"]
[SourceDate "2016.10.25"]
[SourceVersion "1"]
[SourceVersionDate "2016.10.25"]
[SourceQuality "1"]

1. e4 d6 2. Nc3 Nf6 3. d4 c6 4. f4 Qa5 5. Bd3 e5 6. dxe5 dxe5 7. Nf3 Bg4 8. 0-0 Nbd7 9. h3 h5 10. Qe1 Bxf3 11. Rxf3 0-0-0 12. f5 Nc5 13. Bf1 Ncxe4 14. Be3 Nxc3 15. bxc3 Bc5 16. Rb1 Nd5 17. Bxc5 Qxc5+ 18. Kh1 f6 19. c4 Nb6 20. Rfb3 Rd7 21. Qg3 Rhd8 22. Kh2 e4 23. Ra3 Rd1 0-1